Welcome to WEB OPAC of MRSPTU Central Library

Extension Methods at a Glance (Record no. 7555)

MARC details
000 -LEADER
fixed length control field 00419nam a2200169Ia 4500
008 - FIXED-LENGTH DATA ELEMENTS--GENERAL INFORMATION
fixed length control field 230711s9999||||xx |||||||||||||| ||und||
020 ## - INTERNATIONAL STANDARD BOOK NUMBER
International Standard Book Number 978-93-84649-74-6
041 ## - LANGUAGE CODE
Language code of text/sound track or separate title ENG
082 ## - DEWEY DECIMAL CLASSIFICATION NUMBER
Classification number 630
Item number SU-E
100 ## - MAIN ENTRY--PERSONAL NAME
Personal name Sujeetha, T,N.
245 #0 - TITLE STATEMENT
Title Extension Methods at a Glance
260 ## - PUBLICATION, DISTRIBUTION, ETC.
Date of publication, distribution, etc. 2017
Place of publication, distribution, etc. New Delhi
Name of publisher, distributor, etc. Write & Print Publications
300 ## - PHYSICAL DESCRIPTION
Extent 155p.
650 ## - SUBJECT ADDED ENTRY--TOPICAL TERM
Topical term or geographic name entry element Agriculture
700 ## - ADDED ENTRY--PERSONAL NAME
Personal name Janani, S.
942 ## - ADDED ENTRY ELEMENTS (KOHA)
Koha item type Book
Holdings
Withdrawn status Lost status Damaged status Not for loan Collection Home library Current library Date acquired Total checkouts Full call number Barcode Date last seen Price effective from Koha item type
          MRSPTU Central Library MRSPTU Central Library     630 SU-E P2139 08/17/2023 08/17/2023 Book
          MRSPTU Central Library MRSPTU Central Library     630 SU-E P2140 08/17/2023 08/17/2023 Book
          MRSPTU Central Library MRSPTU Central Library     630 SU-E P2141 08/17/2023 08/17/2023 Book
          MRSPTU Central Library MRSPTU Central Library     630 SU-E P2142 08/17/2023 08/17/2023 Book
          MRSPTU Central Library MRSPTU Central Library     630 SU-E P2143 08/17/2023 08/17/2023 Book
          MRSPTU Central Library MRSPTU Central Library     630 SU-E P2144 08/17/2023 08/17/2023 Book
          MRSPTU Central Library MRSPTU Central Library     630 SU-E P2145 08/17/2023 08/17/2023 Book
          MRSPTU Central Library MRSPTU Central Library     630 SU-E P2146 08/17/2023 08/17/2023 Book
          MRSPTU Central Library MRSPTU Central Library     630 SU-E P2147 08/17/2023 08/17/2023 Book
          MRSPTU Central Library MRSPTU Central Library     630 SU-E P2148 08/17/2023 08/17/2023 Book

Website Designed and Developed by MRSPTU Central Library Team

E-mail Id: librarian@mrsptu.ac.in